| 000 | 00631nam a2200181Ia 4500 | ||
|---|---|---|---|
| 008 | 151202s9999||||xx |||||||||||||| ||und|| | ||
| 082 | _bPNVM-43884 | ||
| 100 | _aभेंडे सुभाष. | ||
| 245 | _aऐसी कळवळ्याची जाती. | ||
| 260 | _b"डिंपल पब्लिीकेशन,ठाणे." | ||
| 260 | _c2000 | ||
| 300 | _a122 | ||
| 600 | _aभेंडे सुभाष. | ||
| 630 | _aऐसी कळवळ्याची जाती. | ||
| 700 | _aभेंडे सुभाष. | ||
| 730 | _aऐसी कळवळ्याची जाती. | ||
| 942 | _cBOOK | ||
| 999 |
_c1309836 _d1309833 |
||